MLB The Show 25 Player Ratings 80-99 (Updated Rosters) - Statistics

General Stats
  • This quiz has been taken 70 times
  • The average score is 18 of 193
Answer Stats
Position # Team Rating Player % Correct
2B 4 ARI 96 Ketel Marte
96%
RF 7 ARI 85 Corbin Carroll
84%
SP 39 ARI 86 Corbin Burnes
59%
RF 13 ATL 93 Ronald Acuña Jr.
45%
1B 28 ATL 87 Matt Olson
39%
SP 51 ATL 94 Chris Sale
37%
3B 28 CIN 86 Eugenio Suárez
35%
2B 1 ATL 81 Ozzie Albies
35%
SS 2 BAL 94 Gunnar Henderson
33%
3B 27 ATL 86 Austin Riley
31%
CF 44 SEA 90 Julio Rodríguez
31%
CF 23 ATL 87 Michael Harris II
31%
SP 99 ATL 88 Spencer Strider
31%
RF 99 NYY 99 Aaron Judge
27%
CF 27 LAA 96 Mike Trout
27%
3B 28 ARI 80 Nolan Arenado
27%
SP/DH 17 LAD 99 Shohei Ohtani
27%
C 16 LAD 88 Will Smith
27%
1B 5 LAD 90 Freddie Freeman
24%
SS 7 CHC 86 Dansby Swanson
22%
SP 54 NYY 85 Max Fried
22%
SS 7 KC 96 Bobby Witt Jr.
20%
1B 41 ARI 84 Carlos Santana
20%
2B 27 HOU 88 Jose Altuve
20%
SS 50 LAD 95 Mookie Betts
20%
CP 26 ATL 85 Raisel Iglesias
20%
SP 29 DET 94 Tarik Skubal
20%
SS 44 CIN 83 Elly De La Cruz
18%
3B 11 CLE 95 José Ramírez
18%
1B 25 BAL 85 Pete Alonso
18%
RF/DH 44 HOU 92 Yordan Alvarez
18%
3B 3 CHC 81 Alex Bregman
16%
1B 3 PHI 95 Bryce Harper
16%
C 29 SEA 86 Cal Raleigh
16%
RF 22 NYM 99 Juan Soto
16%
DH 24 PIT 81 Marcell Ozuna
16%
CF 4 CHC 82 Pete Crow-Armstrong
16%
1B 40 BOS 84 Willson Contreras
16%
SP 23 ARI 84 Zac Gallen
16%
SP 7 LAD 92 Blake Snell
14%
SS 12 NYM 95 Francisco Lindor
14%
SP 30 PIT 93 Paul Skenes
14%
LF 37 LAD 88 Teoscar Hernández
14%
RF 25 ATH 90 Brent Rooker
12%
CF 25 MIN 87 Byron Buxton
12%
CF 35 NYY 86 Cody Bellinger
12%
SS 5 TEX 92 Corey Seager
12%
RF 23 SD 93 Fernando Tatis Jr.
12%
SP 45 NYY 88 Gerrit Cole
12%
C 13 KC 82 Salvador Perez
12%
SP 54 BOS 90 Sonny Gray
12%
1B 27 TOR 90 Vladimir Guerrero Jr.
12%
SP 27 PHI 82 Aaron Nola
10%
C 35 BAL 88 Adley Rutschman
10%
SP 35 BOS 85 Garrett Crochet
10%
LF 4 ATH 81 Lawrence Butler
10%
SP 58 SEA 84 Luis Castillo
10%
3B 13 SD 86 Manny Machado
10%
C 12 ATL 80 Sean Murphy
10%
SS 7 PHI 90 Trea Turner
10%
SP 18 LAD 88 Yoshinobu Yamamoto
10%
CP 38 NYM 84 Devin Williams
8%
C 14 ARI 80 Gabriel Moreno
8%
SP 48 TEX 88 Jacob DeGrom
8%
LF 16 BOS 86 Jarren Duran
8%
SP 81 NYY 81 Luis Gil
8%
3B 13 LAD 85 Max Muncy
8%
2B 2 CHC 82 Nico Hoerner
8%
DH 16 SF 86 Rafael Devers
8%
SP 55 BOS 82 Ranger Suarez
8%
SP 56 ATL 80 Spencer Schwellenbach
8%
SP 22 SEA 85 Bryan Woo
6%
SS 1 HOU 87 Carlos Correa
6%
RP 31 TEX 81 Chris Martin
6%
LF 22 MIL 87 Christian Yelich
6%
CP 3 LAD 80 Edwin Díaz
6%
SS 7 ATL 81 Ha-Seong Kim
6%
LF 8 CHC 81 Ian Happ
6%
SS 3 HOU 80 Jeremy Peña
6%
RF 23 LAD 93 Kyle Tucker
6%
SP 40 ATL 85 Reynaldo López
6%
RF 27 CHC 86 Seiya Suzuki
6%
SP 18 CHC 85 Shota Imanaga
6%
SP 31 LAD 91 Tyler Glasnow
6%
SS 9 LAA 84 Zach Neto
6%
RF 25 TOR 86 Anthony Santander
4%
RP 49 LAD 84 Blake Treinen
4%
SP 53 MIL 80 Brandon Woodruff
4%
2B 2 MIL 80 Brice Turang
4%
1B 8 HOU 88 Christian Walker
4%
SP 35 NYM 80 Clay Holmes
4%
LF 17 BAL 83 Colton Cowser
4%
CP 74 BAL 85 Felix Bautista
4%
SP 59 DET 85 Framber Valdez
4%
SP 51 NYM 82 Freddy Peralta
4%
SP 68 SEA 89 George Kirby
4%
SP 21 LAA 80 Grayson Rodriguez
4%
SP 21 CIN 83 Hunter Greene
4%
3B 11 BAL 82 Jordan Westburg
4%
CP 71 HOU 81 Josh Hader
4%
1B 12 SEA 80 Josh Naylor
4%
SP 35 CHC 86 Justin Steele
4%
SP 38 BAL 83 Kyle Bradish
4%
SP 36 SEA 88 Logan Gilbert
4%
2B 10 NYM 88 Marcus Semien
4%
CP 22 SD 88 Mason Miller
4%
3B 26 SF 86 Matt Chapman
4%
SP/RP 11 LAD 86 Roki Sasaki
4%
CP 21 BAL 85 Ryan Helsley
4%
SP 67 KC 86 Seth Lugo
4%
SP 57 TOR 81 Shane Bieber
4%
LF 38 CLE 82 Steven Kwan
4%
SP 89 BOS 80 Tanner Houck
4%
RP 66 LAD 84 Tanner Scott
4%
CF 3 BAL 80 Taylor Ward
4%
1B 36 BOS 80 Tristan Casas
4%
RF 9 BAL 82 Tyler O'Neill
4%
C 24 MIL 89 William Contreras
4%
SP 11 SD 80 Yu Darvish
4%
SP 24 BAL 83 Zach Eflin
4%
SP 17 MIN 81 Bailey Ober
2%
SP 32 CHC 80 Ben Brown
2%
SP 44 TOR 81 Bowden Francis
2%
2B 5 PIT 83 Brandon Lowe
2%
CF 9 COL 84 Brenton Doyle
2%
CP 48 LAD 82 Brusdar Graterol
2%
RP 36 CLE 88 Cade Smith
2%
SP 55 KC 87 Cole Ragans
2%
SP 61 PHI 82 Cristopher Sánchez
2%
SP 84 TOR 85 Dylan Cease
2%
SP 47 CHW 81 Erick Fedde
2%
SP 39 MIA 81 Eury Pérez
2%
SS 14 COL 83 Ezequiel Tovar
2%
LF 17 SF 82 Heliot Ramos
2%
RP 33 CLE 82 Hunter Gaddis
2%
SP 9 DET 80 Jack Flaherty
2%
LF 11 MIL 82 Jackson Chourio
2%
SP 17 PIT 80 Jared Jones
2%
2B 13 NYY 86 Jazz Chisholm Jr.
2%
CP 23 TOR 86 Jeff Hoffman
2%
SP 41 MIN 83 Joe Ryan
2%
SP 59 LAA 80 José Soriano
2%
RF 30 DET 83 Kerry Carpenter
2%
SP 34 NYM 83 Kodai Senga
2%
CF 15 KC 80 Lane Thomas
2%
SP 62 SF 89 Logan Webb
2%
CP 60 KC 80 Lucas Erceg
2%
3B 27 NYM 83 Mark Vientos
2%
SS 0 STL 80 Masyn Winn
2%
RP 25 KC 84 Matt Strahm
2%
RF 38 MIN 80 Matt Wallner
2%
SP 52 KC 81 Michael Wacha
2%
CF 15 PIT 83 Oneil Cruz
2%
SP 49 MIN 84 Pablo López
2%
SP 45 DET 80 Reese Olson
2%
LF 31 DET 82 Riley Greene
2%
3B 23 MIN 85 Royce Lewis
2%
C 27 MIN 80 Ryan Jeffers
2%
CP 74 SF 83 Ryan Walker
2%
SP 59 NYM 81 Sean Manaea
2%
SP 28 CLE 86 Tanner Bibee
2%
CP 29 MIL 80 Trevor Megill
2%
SS 2 SF 84 Willy Adames
2%
C 21 HOU 85 Yainer Diaz
2%
1B 2 TB 80 Yandy Díaz
2%
RP 93 TOR 82 Yimi Garcí
2%
SP 16 LAA 83 Yusei Kikuchi
2%
RF 53 PHI 83 Adolis García
0%
3B 28 PHI 80 Alec Bohm
0%
2B 0 TOR 82 Andrés Giménez
0%
CP 75 SEA 82 Andrés Muños
0%
LF 10 PIT 82 Bryan Reynolds
0%
SP 50 SEA 82 Bryce Miller
0%
2B 5 PHI 83 Bryson Stott
0%
SP 36 NYY 80 Clarke Schmidt
0%
CF 5 TOR 82 Daulton Varsho
0%
RP 22 TB 83 Griffin Jax
0%
CF 3 SD 87 Jackson Merrill
0%
1B 21 TEX 82 Jake Burger
0%
RP 40 SD 80 Jason Adam
0%
CP 59 PHI 81 Jhoan Duran
0%
3B 6 TEX 82 Josh Jung
0%
C 10 PHI 82 J.T. Realmuto
0%
SP 34 TOR 83 Kevin Guasman
0%
RP 47 SEA 80 Matt Brash
0%
SP 34 SD 86 Michael King
0%
SP 17 TEX 82 Nathan Eovaldi
0%
SP 28 TB 80 Nick Martinez
0%
RP 50 PHI 80 Orion Kerkering
0%
SP 56 NYY 80 Osvaldo Bido
0%
SP 18 TB 82 Shane McClanahan
0%
LF 36 TEX 84 Wyatt Langford
0%
SP 45 PHI 90 Zack Wheeler
0%
No matching quizzes found
Score Distribution
Percent of People with Each Score
Percentile by Number Answered
Your Score History
You have not taken this quiz